Municipios do Estado do Rio de Janeiro cortados pela BR-101 - Statistics

Estatísticas Gerais
  • Esse quiz foi jogado 82 vezes
  • A pontuação média é 14 de 18
Estatísticas das Respostas
Municípios % Correto
Rio de Janeiro
100%
Niterói
99%
São Gonçalo
96%
Campos dos Goytacazes
91%
Itaboraí
87%
Angra dos Reis
86%
Macaé
86%
Paraty
86%
Itaguaí
80%
Rio Bonito
80%
Mangaratiba
76%
Rio das Ostras
76%
Casimiro de Abreu
74%
Silva Jardim
73%
Tanguá
71%
Quissamã
64%
Carapebus
56%
Conceição de Macabu
44%
Nenhum quiz correspondente encontrado
Distribuição das Pontuações
Porcentagem de Pessoas com Cada Pontuação
Percentil de Números Respondidos
Sua Pontuação Histórica
Você não jogou esse quiz